000 00442nam a2200193Ia 4500
999 _c285
_d285
003 0100
008 130227s9999 xx 000 0 und d
040 _cARRUPELIB
050 _aGN645.W4 1934
100 _aWestermann, Diedrich
_938031
245 4 _aThe African to-day
260 _aLondon
_bOxford University Press
_c1934
300 _axv
300 _b 343p 18cm
650 _aEthnology
_zAfrica
_926228
650 _aNegroes
_xEducation
_938032
650 _aNegroes in Africa
_932395
650 _aEducation
_zAfrica
_99745
650 _aAfrica
_xNatrive races
_938033
942 _2lcc
_cMONOGRAPH